Ninjago - Statystyki

Ogólne statystyki
  • Ten quiz został rozwiązany 167 razy
  • Średni wynik to 25 z 112
Statystyki odpowiedzi
Podpowiedź Odpowiedź % Poprawnych
Sezon 13 odc 16 Syn lilly
51%
Sezon 14 odc 3 Dar jaya
46%
Sezon 16 odc 30 Korzenie
46%
Sezon 16 odc 29 Forma smoka
41%
Sezon 15 odc 15 Nyad
41%
Sezon 13 odc 1 Shintaro
41%
Sezon 11 odc 1 Zagubiony potencjał
41%
Sezon 13 odc 7 Czaszkoksiężnik
39%
Sezon 12 odc 5 Jestem okino
39%
Sezon 11 odc 16 Kraina nigdy
39%
Sezon 16 odc 3 Kształt nyi
37%
Sezon 16 odc 20 Paprotka
37%
Sezon 12 odc 8 Labirynt czerwonego smoka
34%
Sezon 11 odc 30 Przebudzenie
34%
Sezon 14 odc 2 Strażnicy amuletu
34%
Sezon 12 odc 6 Usterka
34%
Sezon 12 odc 2 Wyspa dyera
34%
Sezon 12 odc 16 Koniec gry
32%
Sezon 13 odc 5 Królowa matołów
32%
Sezon 12 odc 10 Numer siedem
32%
Sezon 11 odc 17 Ogniotwórca
32%
Sezon 16 odc 1 Pożegnanie z oceanem
32%
Sezon 15 odc 1 Wielki plusk
32%
Sezon 14 odc 4 Ząb wojiry
32%
Sezon 12 odc 7 Klify histerii
29%
Sezon 15 odc 6 Niech żyje król
29%
Sezon 11 odc 11 Nigdy nie ufaj człowiekowi
29%
Sezon 16 odc 12 Rada kryształowego króla
29%
Sezon 11 odc 8 Weżokalipsa
29%
Sezon 11 odc 20 Wiadomość
29%
Sezon 11 odc 2 W poszukiwaniu przygody
29%
Sezon 16 odc 5 Wrogowie publiczni numer 1, 2, 3, 4 i 5
29%
Sezon 15 odc 9 Amulet burzy
27%
Sezon 11 odc 15 Chłodne pożegnanie
27%
Sezon 16 odc 24 Powrót lodowego cesarza
27%
Sezon 12 odc 11 Speedway pięć miliardów
27%
Sezon 11 odc 6 Wiadomości są najważniejsze
27%
Sezon 13 odc 11 Gładziciel
24%
Sezon 11 odc 13 Klub podróżnika
24%
Sezon 16 odc 19 Krysztastrofa
24%
Sezon 11 odc 19 Najgorszy ninja
24%
Sezon 13 odc 3 Najgorszy ratunek w historii
24%
Sezon 15 odc 3 Niezatapialna
24%
Sezon 16 odc 22 Odważnie ale niemądrze
24%
Sezon 12 odc 15 Świątynia szaleństwa
24%
Sezon 16 odc 2 Tęsknota za domem
24%
Sezon 15 odc 10 Zagadka sfinksa
24%
Sezon 15 odc 16 Zwrot akcji
24%
Sezon 13 odc 4 Dwa ostrza
22%
Sezon 12 odc 4 Jay supergwiazda
22%
Sezon 16 odc 21 Lekcja gniewu
22%
Sezon 14 odc 1 Niezbadana wyspa
22%
Sezon 11 odc 7 Ninja kontra lawa
22%
Sezon 15 odc 8 Opowieść benthomaara
22%
Sezon 11 odc 24 Ostatnia z formlingów
22%
Sezon 12 odc 12 Powrót do klasyki
22%
Sezon 12 odc 3 Poziom trzynasty
22%
Sezon 11 odc 5 Pułapki i jak sobie z nimi radzić
22%
Sezon 13 odc 6 Sąd kopalrożca
22%
Sezon 16 odc 15 Upadek klasztoru
22%
Sezon 15 odc 13 Cisza przed burzą
20%
Sezon 15 odc 5 Gniew kalmara
20%
Sezon 11 odc 22 Historia kraga
20%
Sezon 16 odc 26 Kompatybilni
20%
Sezon 12 odc 9 Krok w przód dwa kroki w tył
20%
Sezon 15 odc 14 Napad na miasto Ninjago
20%
Sezon 11 odc 23 Sekret wilka
20%
Sezon 12 odc 1 Czy chciałbyś wejść do wspaniałego imperium
17%
Sezon 11 odc 21 Drzewo podróżnika
17%
Sezon 11 odc 27 Korupcja
17%
Sezon 12 odc 14 Marnotrawny ojciec
17%
Sezon 11 odc 25 Mój przyjaciel, mój wróg
17%
Sezon 16 odc 11 Piąty złoczyńca
17%
Sezon 16 odc 18 Powrót do oka prastarego
17%
Sezon 15 odc 7 Ucieczka z merlopii
17%
Sezon 15 odc 12 Władca mórz
17%
Sezon 13 odc 2 W stronę ciemności
17%
Sezon 11 odc 14 Zemsta będzie moja
17%
Sezon 16 odc 25 Bezpieczna przystań
15%
Sezon 16 odc 6 Bolesna obietnica
15%
Sezon 16 odc 17 Nadejście króla
15%
Sezon 13 odc 13 Najczarniejsza godzina
15%
Sezon 11 odc 18 Nieoczekiwany sprzymierzeniec
15%
Sezon 11 odc 26 Protokół kaiju
15%
Sezon 11 odc 29 Raz na zawsze
15%
Sezon 12 odc 13 Ściśle tajne
15%
Sezon 11 odc 9 Słabość
15%
Sezon 11 odc 3 Trudne początki
15%
Sezon 11 odc 4 W potrzasku
15%
Sezon 13 odc 15 Wyniesieni kontratakują
15%
Sezon 16 odc 13 Złowrogi cień
15%
Sezon 15 odc 11 Gazeciarka
12%
Sezon 16 odc 9 Hounddog McBrag
12%
Sezon 13 odc 12 Mistrzowie nigdy się nie poddają
12%
Sezon 16 odc 14 Pajęczyna
12%
Sezon 13 odc 9 Podziemny sojusz
12%
Sezon 13 odc 8 Prawdziwy upadek
12%
Sezon 16 odc 8 Więzienny blues
12%
Sezon 16 odc 23 W odwrocie
12%
Sezon 15 odc 2 Zew z głębiny
12%
Sezon 16 odc 10 Dobra strona żalu
10%
Sezon 15 odc 4 Pięć tysięcy sążni głębiej
10%
Sezon 16 odc 4 Problem z burmistrzem
10%
Sezon 11 odc 28 Resztki nadziei
10%
Sezon 13 odc 14 Wspinaczka
10%
Sezon 11 odc 10 Zamierzchłe dzieje
10%
Sezon 16 odc 28 Kwestia zaufania
7%
Sezon 11 odc 12 Pułapka
7%
Sezon 16 odc 27 Sygnał ratunkowy
7%
Sezon 16 odc 16 Wewnętrzny mrok
7%
Sezon 16 odc 7 Miasto Ninjago kontra ninja
5%
Sezon 13 odc 10 Podziemny szlak
5%
Nie znaleziono quizów pasujących do podanych kryteriów
Rozkład punktacji
Procent ludzi z każdym wynikiem
Percentyl według liczby udzielonych odpowiedzi
Twoja historia wyników
Nie rozwiązałeś tego quizu